| 000 | 00882nam a22001937a 4500 | ||
|---|---|---|---|
| 003 | OSt | ||
| 005 | 20251209135006.0 | ||
| 008 | 251209b |||||||| |||| 00| 0 eng d | ||
| 040 | _cDCL | ||
| 082 | _a၂၉၄.၃ | ||
| 100 | 0 | _aလယ်တီဆရာတော်ဘုရားကြီး။ | |
| 245 | 1 |
_aလယ်တီဒီပနီပေါင်းချုပ်၊ _nတတိယတွဲ / _cလယ်တီဆရာတော်ဘုရားကြီး။ |
|
| 250 | _aဒုတိယအကြိမ်။ | ||
| 260 |
_aရန်ကုန်မြို့ ၊ _bအသိုင်းအဝိုင်းစာပေ၊ _c၁၉၉၆။ |
||
| 300 |
_a၈၅၃ စာမျက်နှာ ၊ _c၂၅ စင်တီ။ |
||
| 650 | _aဗုဒ္ဓဘာသာ | ||
| 650 | _aသစ္စာလေးပါး | ||
| 942 |
_2ddc _cSHORT TERM _n0 |
||
| 999 |
_c2682 _d2682 |
||